<?xml version="1.0" encoding="UTF-8"?>
<collection xmlns="http://www.loc.gov/MARC21/slim">
 <record>
  <leader>02579aam a22002898a 4500</leader>
  <controlfield tag="001">NCT_11743</controlfield>
  <controlfield tag="008">150409s2015                  ||||||viesd</controlfield>
  <datafield tag="999" ind1=" " ind2=" ">
   <subfield code="c">560</subfield>
   <subfield code="d">560</subfield>
  </datafield>
  <datafield tag="020" ind1=" " ind2=" ">
   <subfield code="a">9786048105549</subfield>
   <subfield code="c">25000</subfield>
  </datafield>
  <datafield tag="082" ind1="0" ind2="4">
   <subfield code="2">23rd ed.</subfield>
   <subfield code="a">347.5975</subfield>
   <subfield code="b">L504</subfield>
  </datafield>
  <datafield tag="245" ind1="0" ind2="0">
   <subfield code="a">Luật thi hành án dân sự :</subfield>
   <subfield code="b">Được sửa đổi, bổ sung năm 2014</subfield>
  </datafield>
  <datafield tag="260" ind1=" " ind2=" ">
   <subfield code="a">H.</subfield>
   <subfield code="b">Tư pháp</subfield>
   <subfield code="c">2015</subfield>
  </datafield>
  <datafield tag="300" ind1=" " ind2=" ">
   <subfield code="a">187tr.</subfield>
   <subfield code="c">19cm</subfield>
  </datafield>
  <datafield tag="520" ind1="3" ind2=" ">
   <subfield code="a">Giới thiệu toàn văn luật thi hành án dân sự với những qui định chung và qui định cụ thể về hệ thống tổ chức thi hành án dân sự và chấp hành viên; thủ tục thi hành án dân sự; biện pháp đảm bảo và cưỡng chế thi hành án; thi hành án trong một số trường hợp cụ thể; khiếu nại, tố cáo và kháng nghị về thi hành án dân sự...</subfield>
  </datafield>
  <datafield tag="653" ind1=" " ind2=" ">
   <subfield code="a">Luật học</subfield>
  </datafield>
  <datafield tag="655" ind1=" " ind2="7">
   <subfield code="a">Văn bản pháp luật</subfield>
  </datafield>
  <datafield tag="942" ind1=" " ind2=" ">
   <subfield code="2">ddc</subfield>
   <subfield code="c">BK</subfield>
  </datafield>
  <datafield tag="952" ind1=" " ind2=" ">
   <subfield code="0">0</subfield>
   <subfield code="1">0</subfield>
   <subfield code="2">ddc</subfield>
   <subfield code="4">0</subfield>
   <subfield code="6">347_597500000000000_L504</subfield>
   <subfield code="7">0</subfield>
   <subfield code="9">3935</subfield>
   <subfield code="a">000001</subfield>
   <subfield code="b">000001</subfield>
   <subfield code="d">2017-11-21</subfield>
   <subfield code="l">1</subfield>
   <subfield code="o">347.5975 L504</subfield>
   <subfield code="p">MD.03034</subfield>
   <subfield code="r">2018-10-15</subfield>
   <subfield code="s">2018-09-25</subfield>
   <subfield code="v">25000.00</subfield>
   <subfield code="w">2017-11-21</subfield>
   <subfield code="y">BK</subfield>
  </datafield>
  <datafield tag="952" ind1=" " ind2=" ">
   <subfield code="0">0</subfield>
   <subfield code="1">0</subfield>
   <subfield code="2">ddc</subfield>
   <subfield code="4">0</subfield>
   <subfield code="6">347_597500000000000_L504</subfield>
   <subfield code="7">0</subfield>
   <subfield code="9">3936</subfield>
   <subfield code="a">000001</subfield>
   <subfield code="b">000001</subfield>
   <subfield code="d">2017-11-21</subfield>
   <subfield code="l">1</subfield>
   <subfield code="o">347.5975 L504</subfield>
   <subfield code="p">MD.03035</subfield>
   <subfield code="r">2018-08-17</subfield>
   <subfield code="s">2018-08-10</subfield>
   <subfield code="v">25000.00</subfield>
   <subfield code="w">2017-11-21</subfield>
   <subfield code="y">BK</subfield>
  </datafield>
  <datafield tag="952" ind1=" " ind2=" ">
   <subfield code="0">0</subfield>
   <subfield code="1">0</subfield>
   <subfield code="2">ddc</subfield>
   <subfield code="4">0</subfield>
   <subfield code="6">347_597500000000000_L504</subfield>
   <subfield code="7">0</subfield>
   <subfield code="9">3937</subfield>
   <subfield code="a">000001</subfield>
   <subfield code="b">000001</subfield>
   <subfield code="d">2017-11-21</subfield>
   <subfield code="l">1</subfield>
   <subfield code="o">347.5975 L504</subfield>
   <subfield code="p">MD.03036</subfield>
   <subfield code="r">2018-08-17</subfield>
   <subfield code="s">2018-08-10</subfield>
   <subfield code="v">25000.00</subfield>
   <subfield code="w">2017-11-21</subfield>
   <subfield code="y">BK</subfield>
  </datafield>
  <datafield tag="952" ind1=" " ind2=" ">
   <subfield code="0">0</subfield>
   <subfield code="1">0</subfield>
   <subfield code="2">ddc</subfield>
   <subfield code="4">0</subfield>
   <subfield code="6">347_597500000000000_L504</subfield>
   <subfield code="7">0</subfield>
   <subfield code="9">3938</subfield>
   <subfield code="a">000001</subfield>
   <subfield code="b">000001</subfield>
   <subfield code="d">2017-11-21</subfield>
   <subfield code="o">347.5975 L504</subfield>
   <subfield code="p">MD.03041</subfield>
   <subfield code="r">2017-11-21</subfield>
   <subfield code="v">25000.00</subfield>
   <subfield code="w">2017-11-21</subfield>
   <subfield code="y">BK</subfield>
  </datafield>
  <datafield tag="952" ind1=" " ind2=" ">
   <subfield code="0">0</subfield>
   <subfield code="1">0</subfield>
   <subfield code="2">ddc</subfield>
   <subfield code="4">0</subfield>
   <subfield code="6">347_597500000000000_L504</subfield>
   <subfield code="7">0</subfield>
   <subfield code="9">3939</subfield>
   <subfield code="a">000001</subfield>
   <subfield code="b">000001</subfield>
   <subfield code="d">2017-11-21</subfield>
   <subfield code="l">1</subfield>
   <subfield code="o">347.5975 L504</subfield>
   <subfield code="p">MD.03039</subfield>
   <subfield code="r">2019-02-22</subfield>
   <subfield code="s">2019-02-22</subfield>
   <subfield code="v">25000.00</subfield>
   <subfield code="w">2017-11-21</subfield>
   <subfield code="y">BK</subfield>
  </datafield>
  <datafield tag="952" ind1=" " ind2=" ">
   <subfield code="0">0</subfield>
   <subfield code="1">0</subfield>
   <subfield code="2">ddc</subfield>
   <subfield code="4">0</subfield>
   <subfield code="6">347_597500000000000_L504</subfield>
   <subfield code="7">0</subfield>
   <subfield code="9">4214</subfield>
   <subfield code="a">000001</subfield>
   <subfield code="b">000001</subfield>
   <subfield code="d">2017-11-24</subfield>
   <subfield code="l">2</subfield>
   <subfield code="o">347.5975 L504</subfield>
   <subfield code="p">MD.03037</subfield>
   <subfield code="r">2018-09-27</subfield>
   <subfield code="s">2018-09-13</subfield>
   <subfield code="v">25000.00</subfield>
   <subfield code="w">2017-11-24</subfield>
   <subfield code="y">BK</subfield>
  </datafield>
  <datafield tag="952" ind1=" " ind2=" ">
   <subfield code="0">0</subfield>
   <subfield code="1">0</subfield>
   <subfield code="2">ddc</subfield>
   <subfield code="4">0</subfield>
   <subfield code="6">347_597500000000000_L504</subfield>
   <subfield code="7">0</subfield>
   <subfield code="9">4215</subfield>
   <subfield code="a">000001</subfield>
   <subfield code="b">000001</subfield>
   <subfield code="d">2017-11-24</subfield>
   <subfield code="l">2</subfield>
   <subfield code="o">347.5975 L504</subfield>
   <subfield code="p">MD.03033</subfield>
   <subfield code="r">2020-11-30</subfield>
   <subfield code="s">2020-11-16</subfield>
   <subfield code="v">25000.00</subfield>
   <subfield code="w">2017-11-24</subfield>
   <subfield code="y">BK</subfield>
  </datafield>
  <datafield tag="952" ind1=" " ind2=" ">
   <subfield code="0">0</subfield>
   <subfield code="1">0</subfield>
   <subfield code="2">ddc</subfield>
   <subfield code="4">0</subfield>
   <subfield code="6">347_597500000000000_L504</subfield>
   <subfield code="7">0</subfield>
   <subfield code="9">4216</subfield>
   <subfield code="a">000001</subfield>
   <subfield code="b">000001</subfield>
   <subfield code="d">2017-11-24</subfield>
   <subfield code="o">347.5975 L504</subfield>
   <subfield code="p">MD.03040</subfield>
   <subfield code="r">2017-11-24</subfield>
   <subfield code="v">25000.00</subfield>
   <subfield code="w">2017-11-24</subfield>
   <subfield code="y">BK</subfield>
  </datafield>
  <datafield tag="952" ind1=" " ind2=" ">
   <subfield code="0">0</subfield>
   <subfield code="1">0</subfield>
   <subfield code="2">ddc</subfield>
   <subfield code="4">0</subfield>
   <subfield code="6">347_597500000000000_L504</subfield>
   <subfield code="7">0</subfield>
   <subfield code="9">4858</subfield>
   <subfield code="a">000001</subfield>
   <subfield code="b">000001</subfield>
   <subfield code="d">2017-11-30</subfield>
   <subfield code="l">1</subfield>
   <subfield code="o">347.5975 L504</subfield>
   <subfield code="p">MD.03038</subfield>
   <subfield code="r">2021-03-31</subfield>
   <subfield code="s">2021-03-16</subfield>
   <subfield code="v">25000.00</subfield>
   <subfield code="w">2017-11-30</subfield>
   <subfield code="y">BK</subfield>
  </datafield>
  <datafield tag="980" ind1=" " ind2=" ">
   <subfield code="a">Thư viện Trường Đại học Nam Cần Thơ</subfield>
  </datafield>
 </record>
</collection>
